| 000 | 00650cam a2200169 4500 | ||
|---|---|---|---|
| 082 |
_a627.12 _bBEL _cL-Tech, P-118 |
||
| 100 | 1 |
_aBellasis, E. S. _943976 |
|
| 245 | 1 | 0 |
_aRiver and canal engineering, _bthe characteristics of open flowing streams, and the principles and methods to by followed in dealing with them, _cby E. S. Bellasis. |
| 260 |
_aLondon, _bE. & F.N. Spon, ltd.; _aNew York, _bSpon & Chamberlain, _c1913. |
||
| 300 |
_ax, 215 p. _billus. _c23 cm. |
||
| 526 |
_a0 _b0 _c0 _d627_120000000000000_BEL |
||
| 650 | 0 |
_aCanals. _943977 |
|
| 650 | 0 |
_aHydraulic engineering. _93526 |
|
| 650 | 0 |
_aMCE _9379 |
|
| 650 | 0 |
_aRivers. _92163 |
|
| 942 |
_2ddc _cBK |
||
| 999 |
_c547840 _d547840 |
||